Statistics for Best Laptop Brands

Click here to take the quiz!

General Stats

  • This quiz has been taken 301 times
  • The average score is 6 of 9

Answer Stats

Brand% Correct
Apple
85%
HP
84%
Dell
78%
Lenovo
72%
Acer
67%
Samsung
64%
ASUS
63%
Sony
41%
Toshiba
41%

Score Distribution

Percentile by Number Answered

Percent of People with Each Score

Your Score History

You have not taken this quiz